00883 2200301 4500001002100000005001500021035002500036007000300061008004100064020001800105040001700123082001400140084001600154090002000170100003600190245006800226250004100294260004500335300004700380650002800427700002300455850001200478041000800490600001900498504003200517990001600549990001600565YOGYA-0612000000105820200326105215 a0010-061200000001056ta120618s2003 yoia g 0 0 0 ind d a979-9246-17-2 aYOPDYOGbind0 223a392.5 a392.5 SUW s aYOG 392.5 SUW s0 aSuwarna Pringgawidagdaepenulis aSiraman /cSuwarna Pringgawidagda ; editor, Yulia S. Setiyawati aEdisi pertama, cetakan pertama, 20133 aYogyakarta :bAdicita Karya Nusa.,c2003 ax, 58 halaman :bilustrasi, tabel ;c20 cm 4aPerkawinan (Hukum adat)0 aYulia S. Setiawati aYOPDYOG aind aE.A. Pamungkas aBibliografi : halaman 53-54 a443-PD/B.12 a442-PD/B.12